MAKING I T WORK AN EXECUTIVE S GUIDE TO (Record no. 23612)
[ view plain ]
| 000 -LEADER | |
|---|---|
| fixed length control field | 00335nam a2200133Ia 4500 |
| 008 - FIXED-LENGTH DATA ELEMENTS--GENERAL INFORMATION | |
| fixed length control field | 240624s9999 xx 000 0 und d |
| 041 ## - LANGUAGE CODE | |
| Language code of text/sound track or separate title | eng |
| 082 ## - DEWEY DECIMAL CLASSIFICATION NUMBER | |
| Classification number | 004.0684 SEV |
| 100 ## - MAIN ENTRY--PERSONAL NAME | |
| Personal name | SEVERANCE DENNIS |
| 245 ## - TITLE STATEMENT | |
| Title | MAKING I T WORK AN EXECUTIVE S GUIDE TO |
| 260 ## - PUBLICATION, DISTRIBUTION, ETC. | |
| Date of publication, distribution, etc. | 2002 |
| Place of publication, distribution, etc. | systems |
| Name of publisher, distributor, etc. | Jossey-Bass |
| 300 ## - PHYSICAL DESCRIPTION | |
| Extent | 240 : p. |
| 365 ## - TRADE PRICE | |
| Currency code | |
| Price amount | 25 |
| Withdrawn status | Lost status | Damaged status | Not for loan | Home library | Current library | Shelving location | Date acquired | Source of acquisition | Cost, normal purchase price | Full call number | Barcode | Date last seen | Copy number | Price effective from | Koha item type |
|---|---|---|---|---|---|---|---|---|---|---|---|---|---|---|---|
| IMTN | IMTN | Rack 1-A | 10/30/2014 | IBH | 47.95 | 004.0684 SEV | 23612 | 06/24/2024 | 64.2 | 06/24/2024 | Books |